Jakie kraje były w piosence yakko world - Statystyki

Ogólne statystyki
  • Ten quiz został rozwiązany 9 razy
  • Średni wynik to 62 z 160
Statystyki odpowiedzi
Number Odpowiedź % Poprawnych
20 Argentyna
80%
19 Boliwia
80%
23 Brazylia
80%
22 Chile
80%
8 Dominikana
80%
21 Ekwador
80%
17 Gujana
80%
5 Haiti
80%
16 Honduras
80%
6 Jamajka
80%
2 Kanada
80%
10 Karaiby
80%
14 Kolumbia
80%
9 Kuba
80%
3 Meksyk
80%
41 Niemcy
80%
4 Panama
80%
7 Peru
80%
48 Polska
80%
13 Puerto Rico
80%
1 Stany Zjednoczone
80%
15 Wenezuela
80%
35 Barbados
60%
25 Belize
60%
44 Czechosłowacja
60%
125 Egipt
60%
40 Finlandia
60%
72 Francja
60%
11 Grenlandia
60%
36 Guam
60%
18 Guatemala
60%
75 Hiszpania
60%
24 Kostaryka
60%
137 Libia
60%
71 Portugalia
60%
53 Rosja
60%
49 Rumunia
60%
38 Szwecja
60%
45 Włochy
60%
79 Afganistan
40%
51 Albania
40%
133 Algier
40%
114 Algieria
40%
73 Anglia
40%
56 Arabia Saudyjska
40%
159 Australia
40%
43 Austria
40%
86 Azja
40%
28 Bahamy
40%
67 Bahrajn
40%
70 Belgia
40%
27 Bermudy
40%
55 Bułgaria
40%
87 Chiny
40%
58 Cypr
40%
74 Dania
40%
127 Gabon
40%
47 Grecja
40%
68 Holandia
40%
76 Indie
40%
59 Irak
40%
60 Iran
40%
52 Irlandia
40%
39 Islandia
40%
63 Israel
40%
89 Japonia
40%
65 Jemen
40%
64 Jordania
40%
150 Jugosławia
40%
88 Korea
40%
151 Kreta
40%
66 Kuwejt
40%
62 Liban
40%
69 Luksemburg
40%
131 Mali
40%
103 Maroko
40%
152 Mauretania
40%
26 Nicaragua
40%
37 Norwegia
40%
54 Oman
40%
77 Pakistan
40%
31 Paragwaj
40%
30 San Juan
40%
33 Surinam
40%
61 Syria
40%
50 Szkocja
40%
42 Szwajcaria
40%
80 Tajlandia
40%
46 Turcja
40%
32 Urugwaj
40%
57 Węgry
40%
148 Abu Dhabi
20%
105 Angola
20%
85 Bangladesz
20%
126 Benin
20%
82 Bhutan
20%
100 Borneo
20%
108 Botswana
20%
116 Burundi
20%
123 Czad
20%
134 Dahomej
20%
140 Demokratyczna Republika Konga
20%
107 Dżibuti
20%
12 El Salvador
20%
111 Eswatini
20%
141 Etiopia
20%
158 Fidżi
20%
94 Filipiny
20%
112 Gambia
20%
115 Ghana
20%
34 Gujana Francuska
20%
113 Gwinea
20%
142 Gwinea Bissau
20%
147 Hong Kong
20%
93 Indonezja
20%
146 Kajmany
20%
83 Kambodża
20%
138 Kamerun
20%
149 Katar
20%
130 Kenia
20%
139 Kongo
20%
91 Laos
20%
117 Lesotho
20%
124 Liberia
20%
155 Liechtenstein
20%
143 Madagaskar
20%
118 Malawi
20%
84 Malezja
20%
156 Malta
20%
154 Monako
20%
90 Mongolia
20%
109 Mozambik
20%
135 Namibia
20%
81 Nepal
20%
121 Niger
20%
122 Nigeria
20%
99 Nowa Zelandia
20%
157 Palestyna
20%
97 Papua Nowa Gwinea
20%
144 Rwanda
20%
120 Sahara Hiszpańska
20%
136 Senegal
20%
132 Sierra Leone
20%
129 Somalia
20%
96 Sri Lanka
20%
160 Sudan
20%
98 Sumatra
20%
95 Tajwan
20%
128 Tanzania
20%
119 Togo
20%
153 Transylwania
20%
102 Tunezja
20%
92 Tybet
20%
104 Uganda
20%
101 Wietnam
20%
110 Zambia
20%
106 Zimbabwe
20%
145 Maore
0%
78 Myanmar
0%
29 Trindad & Tobago
0%
Nie znaleziono quizów pasujących do podanych kryteriów
Rozkład punktacji
Procent ludzi z każdym wynikiem
Percentyl według liczby udzielonych odpowiedzi
Twoja historia wyników
Nie rozwiązałeś tego quizu